Statistics for 100 Cities by Letter - S

Click here to take the quiz!

General Stats

  • This quiz has been taken 1,720 times
  • The average score is 54 of 100

Answer Stats

HintCity% Correct
The "Bay Area"San Francisco
97%
Capital of ChileSantiago
97%
Has a famous opera houseSydney
95%
Capital of BulgariaSofia
94%
Where Nobel Prizes are awardedStockholm
94%
Most populous in South AmericaSão Paulo
93%
Russia's imperial capitalSt. Petersburg
93%
Capital of CaliforniaSacramento
92%
Capital of YemenSana'a
92%
Micronation surrounded by ItalySan Marino
91%
HQ of Amazon and StarbucksSeattle
90%
Home to the Pudong skylineShanghai
90%
Where Franz Ferdinand was
assassinated in 1914
Sarajevo
89%
Where you can find GangnamSeoul
88%
World's only true city-stateSingapore
88%
City home to the Mormon churchSalt Lake City
87%
Costa Rican capital or Bay Area citySan Jose
87%
Birthplace of MozartSalzburg
84%
Witch trial citySalem
83%
Capital of North MacedoniaSkopje
82%
Rival to ancient AthensSparta
81%
Capital of AndalusiaSeville
80%
Egyptian city and a canal terminusSuez
78%
Site of the AlamoSan Antonio
76%
Capital of Puerto RicoSan Juan
76%
Host of the 2014 Winter OlympicsSochi
76%
Bolivia's constitutional capitalSucre
76%
Where "Anchorman" is setSan Diego
72%
World capital whose name
means "Holy Savior"
San Salvador
72%
Capital of New MexicoSanta Fe
72%
"Steel City" of Northern EnglandSheffield
71%
First U.S. city to host the OlympicsSt. Louis
69%
Twin city of MinneapolisSt. Paul
69%
Largest city on HokkaidoSapporo
68%
Capital of IllinoisSpringfield
68%
Seat of the EU ParliamentStrasbourg
68%
Largest city in FijiSuva
68%
Croatia's second largest citySplit
67%
Home to Porsche and MercedesStuttgart
66%
Capital of Newfoundland or AntiguaSt. John's
65%
Second biggest city in WalesSwansea
62%
City to Hong Kong's immediate northShenzhen
61%
Birthplace of ShakespeareStratford-
upon-Avon
59%
Capital of Sri Lanka: it is the
longest national capital name
Sri
Jayawardenepura
Kotte
58%
English city on the river TrentStoke
57%
Largest city in SaskatchewanSaskatoon
56%
Most populous city in CrimeaSevastopol
56%
Oldest European settlement
in the New World
Santo Domingo
55%
African capital named after
Thomas the Apostle
São Tomé
53%
Main city in Hampshire, EnglandSouthampton
53%
Sicilian city home to ArchimedesSyracuse
53%
Capital of GrenadaSt. George's
52%
Capital of Bahia, BrazilSalvador
49%
Third-biggest city in IndonesiaSurabaya
48%
Largest city in Georgia before 1880Savannah
47%
Largest city in eastern WashingtonSpokane
46%
Where "The Office" (U.S.) is setScranton
45%
City in Alabama where three
civil rights marches began
Selma
45%
Iranian city or variety of red wineShiraz
45%
Where Scotland's most famous
golf course can be found
St. Andrews
45%
Biggest city in BoliviaSanta Cruz
44%
Most populous city in South DakotaSioux Falls
44%
Tuscan city once home to the
painter Duccio
Siena
41%
Second biggest city in Uzbekistan;
important Silk Road waypoint
Samarkand
40%
Capital of SaarlandSaarbrücken
39%
Village in Luxembourg where the
treaty that abolished border controls
[mostly] in the EU was signed
Schengen
38%
Home to a prestigious university
in the Bay Area
Stanford
38%
Los Angeles suburb where
Route 66 came to an end
Santa Monica
37%
Capital of KiribatiSouth Tarawa
37%
Swiss Alpine resort that hosted the
Winter Olympics twice
St. Moritz
36%
Third-biggest city in LouisianaShreveport
34%
Capital of the Falkland IslandsStanley
34%
Most populous city in South GujaratSurat
34%
Major Phoenix suburbScottsdale
33%
Tunisia's largest cities after TunisSfax
33%
"Oil Capital of Norway"Stavanger
33%
Oldest continuously inhabited
city in the U.S.
St. Augustine
32%
Most populous urban area
in northeast China
Shenyang
31%
Polish port at the mouth of OderSzczecin
31%
City of Notre Dame UniversitySouth Bend
29%
Spain's oldest universitySalamanca
27%
Yunnan city named after a Himalayan
utopia whose residents are immortal
Shangri-La
27%
Cambodian city home to Angkor WatSiem Reap
27%
Major city bordering Dubai to northSharjah
24%
Ichabod Crane's villageSleepy Hollow
24%
Capital of France's Réunion islandSaint-Denis
23%
Nearest major city to Japan's 2011
magnitude 9.0 earthquake
Sendai
23%
Guangdong city romanized
as "Swatow"
Shantou
23%
Tunisia's largest cities after TunisSousse
23%
Capital of the Republic of CrimeaSimferopol
21%
As I was going here, I met a man
with seven wives ...
St Ives
20%
"Coastal" city north of BrisbaneSunshine Coast
18%
Tyre's Phoenician counter-partSidon
17%
Biggest city in the Northern MarianasSaipan
16%
Turkey main port on Black SeaSamsun
16%
Second biggest city in UruguaySalto
14%
Largest city and the summer capital
of Jammu and Kashmir
Srinagar
13%
Capital of Hebei, ChinaShijiazhuang
12%
Largest Québécois city south of
the St. Lawrence Waterway
Sherbrooke
11%
Largest city in southern OmanSalalah
9%

Score Distribution

Percentile by Number Answered

Percent of People with Each Score

Your Score History

You have not taken this quiz